000 00351nam a2200121Ia 4500
008 201002s9999 xx 000 0 und d
020 _a978-142-223-461-7
100 _aLuke, Andrew
245 _cAndrew Luke
_aInside the world of sports:
_bgolf/
260 _aPennsylvania:
_bMason Crest
_c2017
300 _a80 pages
_c22 cm.
650 _aGolf -- history
999 _c364690
_d364690